000 00288nam a2200133 i 4500
001 bg
100 1 _aŻUROWSKI, Adam
245 0 _aMiernictwo /
_cA. Żurowski.
260 _aGdańsk,
_c1984.
040 _cBPK
041 _apol
942 _cKS
008 s pl f |000 0 pol
999 _c2440
_d2440
856 _uhttp://koha.tu.koszalin.pl/cgi-bin/koha/opac-detail.pl?biblionumber=2440
_yKatalog online BPK